| 000 | 01234nam a2200289 a 4500 | ||
|---|---|---|---|
| 001 | 000025350 | ||
| 005 | 20250314113209.0 | ||
| 008 | 110215s2005 dr 000 0 spa d | ||
| 020 | _a9993482196 | ||
| 040 |
_aDO-SdBNP _bspa _cBNPHU |
||
| 082 |
_a333.75 _bJ54c |
||
| 100 | 1 |
_aJennings Eckert, Penelope _951910 |
|
| 240 | 1 | 0 | _aEssential concepts in Forestry and agroforestry for the Dominican Republic |
| 245 | 1 | 0 |
_aConceptos esenciales en foresta y agroforesta para la República Dominicana / _cPenelope Jennings Eckert ; presentación Luis B. Crouch ; tradución Jennifer Pérez Brennan, Teófilo Suriel, José Elías González ; edición Teófilo Suriel. |
| 260 |
_aSanto Domingo : _bCEDAF, _c2005. |
||
| 300 |
_a180 p ; _c28 cm. |
||
| 650 | 4 |
_aBosques _zRepública Dominicana _921589 |
|
| 650 | 0 |
_aConservación de los recursos naturales _91562 |
|
| 650 | 4 |
_aConservación de los recursos agricolas _951911 |
|
| 650 | 4 |
_aEcosistemas _940034 |
|
| 700 | 1 |
_aPérez Brennan, Jennifer _etr. _951912 |
|
| 700 | 1 |
_aSuriel, Teófilo _etr. _951913 |
|
| 700 | 1 |
_aElías Gonzáles , José _etr. _951914 |
|
| 700 | 1 |
_aCrouch, Luis B. _910231 |
|
| 710 | 2 |
_aCentro para el Desarrollo Agropecuario y Forestal (CEDAF) _951915 |
|
| 049 | _aBNPD | ||
| 999 |
_c24842 _d24842 |
||